LEADER 00895nas 2200301 450 001 000020800 005 20120727084007.0 011 $a0021-2276 100 $a20071128a----9999km-y0itay50------ba 101 0 $aita 102 $aIT 110 $aa------0uu- 200 1 $a<>Italia forestale e montana$cLa Nuova Italia Editirice 210 $aFirenze 215 $d23 cm. 300 $aDescrizione basata su : v.57 (fasc.1-2002) 326 $aBimestrale 676 $a634.9045$v(20. ed.)$9Scienze forestali. Italia 801 0$aIT$bUniversità della Basilicata - B.I.A.$gRICA$2unimarc 912 $a000020800 958 $aB.I.A. PTS$c1987-2002.$lLac. 996 $aItalia forestale e montana$985603 997 $aUNIBAS BAS $aAGRARIA CAT $aSTD054$b10$c20071128$lBAS01$h1443 CAT $aGLR$b10$c20120727$lBAS01$h0839 CAT $aGLR$b10$c20120727$lBAS01$h0840 FMT